000 00682nam a2200277Ia 4500
005 20260324114711.0
008 008 260324s9999 xx 000 0 eng d
020 _a9781003163541
037 _aEBOOK
040 _aCRL
040 _beng
040 _cCRL
041 _2eng
041 _aeng
084 _qCRL
100 _aKyle Goslin; Markus Hofmann
_91151815
245 0 _aApplied User Data Collection and Analysis Using JavaScript and PHP
260 _bTaylor and Francis
260 _c2021
365 _a
365 _b275
856 _uhttp://www.taylorfrancis.com/books/9781003163541
942 _cEBOOK
999 _c1742147
_d1742147